Представление документа в формате RUSMARC

ПолеНазваниеЗначение
  Тип записи a
  Библиографический уровень a
001 Контрольный номер RU/IS/BASE/566485349
005 Дата корректировки 20240207192947.6
100 Данные общей обработки __
a Данные общей обработки 20171213d2017 ||| 0rusy0189 ca
101 Язык документа 0_
a Язык текста rus
102 Страна публикации __
a Страна публикации RU
105 Кодированные данные (монография) __
a Кодированные данные (монография) y###||||000|y
200 Заглавие и сведения об ответственности 1_
a Заглавие Зимние активити
b Общее обозначение материала Текст
e Сведения, относящиеся к заглавию [об особенностях и правилах сноукайтинга, скандинавской ходьбы, домбайского футбола, айсштока, лазерного биатлона и других видов зимнего спорта]
f Первые сведения об ответственности Анастасия Евсеева
461 Уровень набора _0
1 2001
a Маруся
463 Уровень физической единицы _0
1 2001
a № 12
v С. 10-12 : ил., фот.
1 210
d 2017
606 Тематические рубрики 0_
a Основная рубрика Зимний спорт
610 Ключевые слова 0_
a Ключевые слова спорт
610 Ключевые слова 0_
a Ключевые слова зимний спорт
610 Ключевые слова 0_
a Ключевые слова зимние виды спорта
610 Ключевые слова 0_
a Ключевые слова командные виды спорта
610 Ключевые слова 0_
a Ключевые слова сноукайтинг
610 Ключевые слова 0_
a Ключевые слова скандинавская ходьба
610 Ключевые слова 0_
a Ключевые слова домбайский футбол
610 Ключевые слова 0_
a Ключевые слова айсшток
610 Ключевые слова 0_
a Ключевые слова лазерный биатлон
610 Ключевые слова 0_
a Ключевые слова сноушуинг
686 Индексы других классификаций __
a Классификационный индекс 75.719
2 Код системы rubbk
700 Автор _1
a Фамилия Евсеева
b Имя (инициалы) А.
g Полное личное имя Анастасия
801 Источник записи _0
a Страна RU
b Организация Ульяновская ОБДЮ
c Дата составления 20171213
g Правила каталогизации RCR
801 Источник записи _1
a Страна RU
b Организация Ульяновская ОБДЮ
c Дата составления 20171213
g Правила каталогизации RCR
901 Тип документа __
t Тип документа b
910 Корректоры записи __
a Корректор записи Михайлова Н.Ю.
919 __
a Михайлова Н.Ю.
938 Служебная информация __
a Имя БД BibStat
b Имя библиотеки ОБДЮ